Vývoj korporátnej dane v krajinách V4 bakalárska práca

Salvato in:
Dettagli Bibliografici
Autore principale: Sokolík, Marco
Ente Autore: Národohospodárska fakulta EU. Katedra financií
Altri autori: Mazán, Tomáš, 1996-
Natura: Libro
Lingua:slovacco
Pubblicazione: Bratislava 2025
Tags: Aggiungi Tag
Nessun Tag, puoi essere il primo ad aggiungerne!!

MARC

LEADER 00000nbm a2200000 4500
001 0309471
005 20260121121424.1
041 0 |a slo 
044 |a SK 
245 1 0 |a Vývoj korporátnej dane v krajinách V4  |b bakalárska práca  |c Marco Sokolík ; školiteľ: Tomáš Mazán 
264 1 |a Bratislava  |c 2025 
300 |a 47 s. 
100 1 |a Sokolík, Marco 
700 1 |a Mazán, Tomáš, 1996- 
710 2 |a Národohospodárska fakulta EU. Katedra financií